<?xml version="1.0" encoding="UTF-8"?>
<record
    xmlns:xsi="http://www.w3.org/2001/XMLSchema-instance"
    xsi:schemaLocation="http://www.loc.gov/MARC21/slim http://www.loc.gov/standards/marcxml/schema/MARC21slim.xsd"
    xmlns="http://www.loc.gov/MARC21/slim">

  <leader>02747njm a2200457Ia 4500</leader>
  <controlfield tag="001">35984</controlfield>
  <controlfield tag="003">IT-RoPAU</controlfield>
  <controlfield tag="005">20220918181130.0</controlfield>
  <controlfield tag="008">131025s9999    xx            000 0 und d</controlfield>
  <datafield tag="040" ind1=" " ind2=" ">
    <subfield code="a">IT-RoPAU</subfield>
  </datafield>
  <datafield tag="040" ind1=" " ind2=" ">
    <subfield code="c">IT-RoPAU</subfield>
  </datafield>
  <datafield tag="999" ind1=" " ind2=" ">
    <subfield code="c">100532</subfield>
    <subfield code="d">100532</subfield>
  </datafield>
  <datafield tag="999" ind1=" " ind2=" ">
    <subfield code="b">n.d.</subfield>
  </datafield>
  <datafield tag="100" ind1=" " ind2=" ">
    <subfield code="a">AA.VV. </subfield>
    <subfield code="9">794</subfield>
  </datafield>
  <datafield tag="100" ind1=" " ind2=" ">
    <subfield code="e">Autore musica</subfield>
    <subfield code="9">19123</subfield>
  </datafield>
  <datafield tag="100" ind1=" " ind2=" ">
    <subfield code="g">Codice autore musica SPICS: 12000</subfield>
    <subfield code="9">796</subfield>
  </datafield>
  <datafield tag="245" ind1=" " ind2=" ">
    <subfield code="a">World of the Harp (The)</subfield>
  </datafield>
  <datafield tag="250" ind1=" " ind2=" ">
    <subfield code="a">1a ed.</subfield>
  </datafield>
  <datafield tag="260" ind1=" " ind2=" ">
    <subfield code="a">USA</subfield>
  </datafield>
  <datafield tag="260" ind1=" " ind2=" ">
    <subfield code="b">DELOS RECORDS</subfield>
    <subfield code="c">1983 [1a Ed.:1983]</subfield>
  </datafield>
  <datafield tag="300" ind1=" " ind2=" ">
    <subfield code="a">COMPACT DISC</subfield>
  </datafield>
  <datafield tag="300" ind1=" " ind2=" ">
    <subfield code="c">4 minuti (Testo:  pag.)</subfield>
  </datafield>
  <datafield tag="500" ind1=" " ind2=" ">
    <subfield code="a">Musica strumentale: arpa</subfield>
  </datafield>
  <datafield tag="505" ind1=" " ind2=" ">
    <subfield code="a">Siciliana (4:00) - La mandoline (4:00) - La source (4:00) - La fille aux cheveux de lin (3:00) - Jazz Band (4:00) - Etude de concert (4:00) - Pavane et bransles (4:00) - Courante (4:00) - Greensleeves (3:00) - Believe Me If All Those Endearing Young Charms and Irish Gigue (2:00) - Llanos (3:00) - La guabina (2:00) - Fire Dance (2:00) - Rumores de la caleta (4:00) - Sonata in d-re (2:00) - Song In the Night (4:00)</subfield>
  </datafield>
  <datafield tag="511" ind1=" " ind2=" ">
    <subfield code="a">Concert Paraguayan and Irish Harps</subfield>
  </datafield>
  <datafield tag="650" ind1=" " ind2=" ">
    <subfield code="a">STRUMENTALE [COMPACT DISC]</subfield>
    <subfield code="e">Codice MATERIA SPICS: 9949</subfield>
    <subfield code="9">19124</subfield>
  </datafield>
  <datafield tag="700" ind1=" " ind2=" ">
    <subfield code="a">McDonald Susann</subfield>
    <subfield code="g">Codice interprete SPICS: 17060</subfield>
    <subfield code="e">Interprete</subfield>
    <subfield code="9">19125</subfield>
  </datafield>
  <datafield tag="700" ind1=" " ind2=" ">
    <subfield code="a">Grandjany</subfield>
    <subfield code="g">Codice autore musica SPICS: 17058</subfield>
    <subfield code="e">Autore musica</subfield>
    <subfield code="p">Siciliana</subfield>
    <subfield code="9">19126</subfield>
  </datafield>
  <datafield tag="700" ind1=" " ind2=" ">
    <subfield code="a">Alvars</subfield>
    <subfield code="g">Codice autore musica SPICS: 17059</subfield>
    <subfield code="e">Autore musica</subfield>
    <subfield code="p">La mandoline</subfield>
    <subfield code="9">19127</subfield>
  </datafield>
  <datafield tag="700" ind1=" " ind2=" ">
    <subfield code="a">Zabel</subfield>
    <subfield code="g">Codice autore musica SPICS: 17061</subfield>
    <subfield code="e">Autore musica</subfield>
    <subfield code="p">La source</subfield>
    <subfield code="9">19128</subfield>
  </datafield>
  <datafield tag="700" ind1=" " ind2=" ">
    <subfield code="a">Debussy Claude</subfield>
    <subfield code="g">Codice autore musica SPICS: 7486</subfield>
    <subfield code="e">Autore musica</subfield>
    <subfield code="p">La fille aux cheveux de lin</subfield>
    <subfield code="9">19129</subfield>
  </datafield>
  <datafield tag="700" ind1=" " ind2=" ">
    <subfield code="a">Tournier Marcel</subfield>
    <subfield code="g">Codice autore musica SPICS: 17062</subfield>
    <subfield code="e">Autore musica</subfield>
    <subfield code="p">Jazz Band - Etude de concert</subfield>
    <subfield code="9">19130</subfield>
  </datafield>
  <datafield tag="700" ind1=" " ind2=" ">
    <subfield code="a">Francisque</subfield>
    <subfield code="g">Codice autore musica SPICS: 17063</subfield>
    <subfield code="e">Autore musica</subfield>
    <subfield code="p">Pavane et bransles - Courante</subfield>
    <subfield code="9">19131</subfield>
  </datafield>
  <datafield tag="700" ind1=" " ind2=" ">
    <subfield code="a">Anonimo</subfield>
    <subfield code="g">Codice autore musica SPICS: 2620</subfield>
    <subfield code="e">Autore musica</subfield>
    <subfield code="p">Greensleeves - Believe Me If All Those Endearing Young Charms and Irish Gigue</subfield>
    <subfield code="9">19132</subfield>
  </datafield>
  <datafield tag="700" ind1=" " ind2=" ">
    <subfield code="a">McDonald Susann</subfield>
    <subfield code="g">Codice autore SPICS: 17060</subfield>
    <subfield code="e">Autore</subfield>
    <subfield code="p">Greensleeves - Believe Me If All Those Endearing Young Charms and Irish Gigue</subfield>
    <subfield code="9">19133</subfield>
  </datafield>
  <datafield tag="700" ind1=" " ind2=" ">
    <subfield code="a">Ortiz D.</subfield>
    <subfield code="g">Codice autore musica SPICS: 17064</subfield>
    <subfield code="e">Autore musica</subfield>
    <subfield code="p">Llanos - La guabina</subfield>
    <subfield code="9">19134</subfield>
  </datafield>
  <datafield tag="700" ind1=" " ind2=" ">
    <subfield code="a">Watkins Julius</subfield>
    <subfield code="g">Codice autore musica SPICS: 17065</subfield>
    <subfield code="e">Autore musica</subfield>
    <subfield code="p">Fire Dance</subfield>
    <subfield code="9">19135</subfield>
  </datafield>
  <datafield tag="700" ind1=" " ind2=" ">
    <subfield code="a">Albeniz Isaac</subfield>
    <subfield code="g">Codice autore musica SPICS: 10716</subfield>
    <subfield code="e">Autore musica</subfield>
    <subfield code="p">Rumores de la caleta</subfield>
    <subfield code="9">19136</subfield>
  </datafield>
  <datafield tag="700" ind1=" " ind2=" ">
    <subfield code="a">Albeniz Mateo</subfield>
    <subfield code="g">Codice autore musica SPICS: 17066</subfield>
    <subfield code="e">Autore musica</subfield>
    <subfield code="p">Sonata in d (re)</subfield>
    <subfield code="9">19137</subfield>
  </datafield>
  <datafield tag="700" ind1=" " ind2=" ">
    <subfield code="a">Salzedo Carlos</subfield>
    <subfield code="g">Codice autore musica SPICS: 17067</subfield>
    <subfield code="e">Autore musica</subfield>
    <subfield code="p">Song In the Night</subfield>
    <subfield code="9">19138</subfield>
  </datafield>
  <datafield tag="942" ind1=" " ind2=" ">
    <subfield code="c">CD</subfield>
    <subfield code="2">ddc</subfield>
  </datafield>
  <datafield tag="952" ind1=" " ind2=" ">
    <subfield code="0">0</subfield>
    <subfield code="1">0</subfield>
    <subfield code="4">0</subfield>
    <subfield code="6">35984_000000000000000</subfield>
    <subfield code="7">1</subfield>
    <subfield code="a">SPICS</subfield>
    <subfield code="b">SPICS</subfield>
    <subfield code="d">2013-10-25</subfield>
    <subfield code="l">0</subfield>
    <subfield code="o">35984</subfield>
    <subfield code="r">2013-10-25 00:00:00</subfield>
    <subfield code="w">2013-10-25</subfield>
    <subfield code="y">CD</subfield>
    <subfield code="z">Progr. Ins.: 12256 / N.Vol.: n.d. / Copie: 1 - Copia rara: n.d. / date import: 01.01.2014 - By Epidotti, Trombetti, Vaglietti</subfield>
  </datafield>
</record>
